| 000 | 01300nam a2200325 i 4500 | ||
|---|---|---|---|
| 001 | 768714001 | ||
| 003 | CO-MdFUSB | ||
| 005 | 20220322101858.0 | ||
| 007 | ta | ||
| 008 | 220215t2001 -us |||| |||| 00| 0 spa d | ||
| 020 | _q[No incluye ISBN] | ||
| 040 |
_aCO-MdFUSB _bspa _cCO-MdFUSB _dCO-MdFUSBC _erda |
||
| 041 | _aspa | ||
| 082 |
_223 _a232.1 _bAL318 |
||
| 100 |
_aÁlamo, Tony, _eautor |
||
| 245 | 1 | 3 |
_aEl mesías : _bde acuerdo a profecía bíblica _c/ Tony Álamo |
| 264 | 1 |
_aEstados Unidos : _bSanta Iglesia Cristiana Álamo, _c[2001] |
|
| 264 | 4 | _c© 2001 | |
| 300 |
_a92 páginas _c; 20 cm |
||
| 336 |
_2rdacontent _atexto _btxt |
||
| 337 |
_2rdamedia _asin mediación _bn |
||
| 338 |
_2rdacarrier _avolumen _bnc |
||
| 505 | _aCredenciales del Mesías. -- Profecía de la vida y del ministerio del Mesías. -- Paradojas proféticas en las profecías respecto a Cristo. -- Profecías respecto a los sufrimientos, la muerte y la resurrección del Mesías(Cristo). -- Profecías describiendo los oficios mesiánicos de Cristo. -- Deidad del Mesías (Cristo) en ambos testamentos. -- Tipos de pronósticos y pronósticos indirectos. | ||
| 563 | _aRústico | ||
| 600 | 0 | 7 |
_aJesucristo _xDivinidad |
| 650 | 7 |
_9239 _aCristología |
|
| 653 | _aMesías. | ||
| 942 | _cBK | ||
| 945 | _aJTF-925 | ||
| 999 |
_c67217 _d67217 |
||